000
00303nam a22001337a 4500
008
170503b xxu||||| |||| 00| 0 eng d
020
_a
9780314289759
041
_a
eng
080
_a
34
100
_a
13
101
_a
SHJ
245
_a
CUIK REWIEW CONSTITUTIONAL LAW
_c
PYGOSKI.P.J
942
_2
udc
_c
BK
999
_c
12578
_d
12578